| 000 | 00441nam a2200157Ia 4500 | ||
|---|---|---|---|
| 008 | 210716s2012 xx 000 0 und d | ||
| 020 | _a9788120345294 | ||
| 041 | _aeng | ||
| 082 | _a658.300285 BADS | ||
| 100 | _aBadgi, Satish M. | ||
| 245 | _aPractical guide to human resource information systems. | ||
| 250 | _a1 | ||
| 260 |
_aNew Delhi _bPHI Learning private limited. _c2012 |
||
| 300 | _ax,249 | ||
| 650 | _aHuman Resource Management | ||
| 999 |
_c208187 _d208187 |
||